World heritage sites in Sweden / (Record no. 114472)
[ view plain ]
| 000 -LEADER | |
|---|---|
| fixed length control field | 00507nam a2200133 a 4500 |
| 005 - DATE AND TIME OF LATEST TRANSACTION | |
| control field | 20140414132101.0 |
| 008 - FIXED-LENGTH DATA ELEMENTS--GENERAL INFORMATION | |
| fixed length control field | 100719s19uu xx 00 eng d |
| 050 ## - LIBRARY OF CONGRESS CALL NUMBER | |
| Classification number | M 948.5 |
| Item number | An6 2002 |
| 100 ## - MAIN ENTRY--PERSONAL NAME | |
| Personal name | Anker, Leif |
| 245 ## - TITLE STATEMENT | |
| Title | World heritage sites in Sweden / |
| Statement of responsibility, etc | Leif Anker, Gunilla Litzell, Bengt A. Lundberg ; [translation, Roger Tanner]. |
| 260 ## - PUBLICATION, DISTRIBUTION, ETC. (IMPRINT) | |
| Place of publication, distribution, etc | [Stockholm] : |
| Name of publisher, distributor, etc | The Swedish Institute : The National Heritage Board, |
| Date of publication, distribution, etc | 2002. |
| 650 ## - SUBJECT ADDED ENTRY--TOPICAL TERM | |
| Topical term or geographic name as entry element | World Heritage areas --Sweden --Pictorial works. |
| Withdrawn status | Lost status | Damaged status | Home library | Current library | Shelving location | Date acquired | Total Checkouts | Full call number | Barcode | Date last seen | Price effective from | Koha item type |
|---|---|---|---|---|---|---|---|---|---|---|---|---|
| Munich Library | Munich Library | Main Section | 07/19/2010 | M 948.5 An6 2002 | M6311 | 04/14/2014 | 04/14/2014 | Books |